| 000 | 00496nam a2200181Ia 4500 | ||
|---|---|---|---|
| 003 | LK-CoDNM | ||
| 008 | 010623t2004 xxu||||| |||| 00| 1 sin d | ||
| 040 |
_aLK-CoDNM _dLK-CoDNM _eLK-CoDNM |
||
| 041 | _asin | ||
| 080 | _ax 92 MAT | ||
| 100 | _aMatarage, Piyasiri | ||
| 245 | _aලොවිතුරු සිත සොයා | ||
| 246 | _aLowthuru sitha soya | ||
| 260 |
_bWijesuriya grantha kendraya _aMulleriyawa _c2004 |
||
| 300 | _b(vii)249, 22 cm | ||
| 650 | _aBiography | ||
| 942 | _cBK | ||
| 999 |
_c124040 _d124040 |
||